Alter und Familie: zur sozialen Integration älterer Menschen - theoretische Konzepte und empirische Befunde
| Autor principal: | |
|---|---|
| Tipo de documento: | Print Libro |
| Lenguaje: | Alemán |
| Publicado: |
Frankfurt am Main [u.a.]
Lang
c 1995
|
| En: |
Beiträge zur Gesellschaftsforschung (16)
Año: 1995 |
| Acceso en línea: |
Índice Índice |
| Verificar disponibilidad: | HBZ Gateway |
| Servicio de pedido Subito: | Pedir ahora. |
| Palabras clave: |
MARC
| LEADER | 00000cam a2200000 c 4500 | ||
|---|---|---|---|
| 001 | 184531950 | ||
| 003 | DE-627 | ||
| 005 | 20260206154012.0 | ||
| 007 | tu | ||
| 008 | 950529s1995 gw ||||| 00| ||ger c | ||
| 010 | |a 95227651 | ||
| 015 | |a 95,N22,0257 |2 dnb | ||
| 015 | |a 95,A35,0316 |2 dnb | ||
| 016 | 7 | |a 944171362 |2 DE-101 | |
| 020 | |a 363147962X |c : ca. DM 98.00 (kart., freier Pr.) |9 3-631-47962-X | ||
| 035 | |a (DE-627)184531950 | ||
| 035 | |a (DE-603)035114541 | ||
| 035 | |a (DE-576)046024913 | ||
| 035 | |a (DE-599)DNB944171362 | ||
| 035 | |a (OCoLC)832530418 | ||
| 035 | |a (OCoLC)312511295 | ||
| 035 | |a (OCoLC)33935739 | ||
| 040 | |a DE-627 |b ger |c DE-627 |e rakwb | ||
| 041 | |a ger | ||
| 044 | |c XA-DE |c XA-CH |c XD-US | ||
| 050 | 0 | |a HQ1064.G3 | |
| 082 | 0 | |a 305.26/0943 |q LOC |2 21 | |
| 082 | 0 | |a 305.260943 | |
| 084 | |a 14 |a 11 |2 sdnb | ||
| 084 | |a 1 |2 ssgn | ||
| 084 | |a MS 2700 |2 rvk |0 (DE-625)rvk/123642: | ||
| 084 | |a 71.36 |2 bkl | ||
| 084 | |a 71.21 |2 bkl | ||
| 100 | 1 | |8 1\p |a Stosberg, Manfred |d 1940- |0 (DE-588)172388147 |0 (DE-627)697330249 |0 (DE-576)133252035 |4 aut | |
| 109 | |a Stosberg, Manfred 1940- |a Stosberg 1940- | ||
| 245 | 1 | 0 | |a Alter und Familie |b zur sozialen Integration älterer Menschen - theoretische Konzepte und empirische Befunde |c Manfred Stosberg |
| 264 | 1 | |a Frankfurt am Main [u.a.] |b Lang |c c 1995 | |
| 300 | |a 284 S |b graph. Darst |c 21 cm | ||
| 336 | |a Text |b txt |2 rdacontent | ||
| 337 | |a ohne Hilfsmittel zu benutzen |b n |2 rdamedia | ||
| 338 | |a Band |b nc |2 rdacarrier | ||
| 490 | 1 | |a Beiträge zur Gesellschaftsforschung |v 16 | |
| 500 | |a Literaturverz. S. 190 - 204 | ||
| 505 | 8 | |a Literaturverz. S. 190 - 204 | |
| 650 | 0 | |a Older people |z Germany | |
| 650 | 0 | |a Older people |z Germany |x Social conditions | |
| 650 | 0 | |a Older people |x Family relationships |z Germany | |
| 650 | 0 | |a Families |z Germany | |
| 650 | 0 | |a Intergenerational Relations |z Germany | |
| 650 | 0 | |a Gerontology |z Germany | |
| 650 | 4 | |a Ältere Erwachsene | |
| 650 | 4 | |a Altern | |
| 650 | 4 | |a Familiensoziologie | |
| 650 | 4 | |a Soziale Integration | |
| 650 | 4 | |a Lebenszufriedenheit | |
| 689 | 0 | 0 | |d g |0 (DE-588)4011882-4 |0 (DE-627)104704861 |0 (DE-576)208896155 |a Deutschland |2 gnd |
| 689 | 0 | 1 | |d s |0 (DE-588)4001446-0 |0 (DE-627)104814578 |0 (DE-576)208842918 |a Alter |2 gnd |
| 689 | 0 | 2 | |d s |0 (DE-588)4133734-7 |0 (DE-627)10445833X |0 (DE-576)20964639X |a Familienbeziehung |2 gnd |
| 689 | 0 | 3 | |d s |0 (DE-588)4129186-4 |0 (DE-627)104346671 |0 (DE-576)209608447 |a Zufriedenheit |2 gnd |
| 689 | 0 | 4 | |d s |0 (DE-588)4126218-9 |0 (DE-627)105734012 |0 (DE-576)209583258 |a Qualitatives Interview |2 gnd |
| 689 | 0 | |5 DE-101 | |
| 830 | 0 | |a Beiträge zur Gesellschaftsforschung |v 16 |9 16 |w (DE-627)129649791 |w (DE-576)009585834 |w (DE-600)253398-4 |x 0175-8098 |7 am | |
| 856 | 4 | 2 | |u http://www.gbv.de/dms/hbz/toc/ht006681568.PDF |m V:DE-605 |v 2008-11-15 |x Verlag |y Inhaltsverzeichnis |3 Inhaltsverzeichnis |7 1 |
| 856 | 4 | 2 | |u http://scans.hebis.de/HEBCGI/show.pl?03511454_toc.pdf |m V:DE-605 |q application/pdf |3 Inhaltsverzeichnis |7 1 |
| 883 | |8 1\p |a cgwrk |d 20241001 |q DE-101 |u https://d-nb.info/provenance/plan#cgwrk | ||
| 889 | |w (DE-627)271983663 | ||
| 935 | |a mteo |a mkri | ||
| 935 | |i Blocktest | ||
| 935 | |h HEB |i 0501 | ||
| 935 | |h HEB |i 0503 | ||
| 936 | r | v | |a MS 2700 |b Alterssoziologie (Alte Menschen; Gerontologie, Rentner, Altersheim) |k Soziologie |k Spezielle Soziologien |k Alterssoziologie (Alte Menschen; Gerontologie, Rentner, Altersheim) |0 (DE-627)1270915681 |0 (DE-625)rvk/123642: |0 (DE-576)200915681 |
| 936 | b | k | |a 71.36 |j Alterssoziologie |0 (DE-627)106416111 |
| 936 | b | k | |a 71.21 |j Familie |j Verwandtschaft |x Soziologie |0 (DE-627)106416588 |
| 936 | s | n | |a m200 |2 mzub |
| 936 | s | n | |a c200 |2 mzub |
| 951 | |a BO | ||
| ELC | |b 1 | ||
| LOK | |0 000 xxxxxcx a22 zn 4500 | ||
| LOK | |0 001 3312707145 | ||
| LOK | |0 003 DE-627 | ||
| LOK | |0 004 184531950 | ||
| LOK | |0 005 20100408070349 | ||
| LOK | |0 008 960221||||||||||||||||ger||||||| | ||
| LOK | |0 040 |a DE-21-31 |c DE-627 |d DE-21-31 | ||
| LOK | |0 541 |e 96/105 | ||
| LOK | |0 852 |a DE-21-31 | ||
| LOK | |0 852 1 |c Ml XVII 59 |m p |9 00 | ||
| LOK | |0 938 |k p | ||
| LOK | |0 939 |a 21-02-96 |b l01 | ||
| LOK | |0 000 xxxxxcx a22 zn 4500 | ||
| LOK | |0 001 3312707862 | ||
| LOK | |0 003 DE-627 | ||
| LOK | |0 004 184531950 | ||
| LOK | |0 005 19950825000000 | ||
| LOK | |0 008 950619||||||||||||||||ger||||||| | ||
| LOK | |0 040 |a DE-Frei85 |c DE-627 |d DE-Frei85 | ||
| LOK | |0 852 |a DE-Frei85 | ||
| LOK | |0 852 1 |m p |9 00 | ||
| LOK | |0 938 |k p | ||
| LOK | |0 939 |a 19-06-95 |b l01 | ||
| ORI | |a SA-MARC-krimdoka001.raw | ||
| TIM | |a 100019901003_100020261231 |b 1990-10-03 - 2026 | ||
